| 000 | 00910nam a2200229 a 4500 | ||
|---|---|---|---|
| 999 |
_c5486 _d5486 |
||
| 001 | 5486 | ||
| 003 | BD-JhCC | ||
| 005 | 20190709134016.0 | ||
| 008 | 171217b1990 bg a|||| ||a| 000 0 ben d | ||
| 035 | _a(BD-JhCC)5486 | ||
| 040 |
_aBD-JhCC _dBD-JhCC |
||
| 041 | _aben | ||
| 082 |
_a512.13 _bISL 1990 |
||
| 100 | _aইসলাম, এ, কে, এম, নুরুল | ||
| 245 |
_aউচ্চ মাধ্যমিক সহজ বীজগণিত / _cএ, কে, এম, নুরুল ইসলাম; শেখ মুহাম্মদ মোসলেম উদ্দীন |
||
| 260 |
_aঢাকা : _bকনফিডেন্স কম্পিউটিং এন্ড প্রিন্টিং, _c1990. |
||
| 300 |
_a407 P. : _c21 cm. |
||
| 650 | _aAlgebra | ||
| 700 | _aউদ্দীন, শেখ মুহাম্মদ মোসলেম | ||
| 942 |
_2ddc _cBK _02 |
||